[Event "BEL-chT 0001"]
[Site "Belgium"]
[Date "2001.02.04"]
[Round "8"]
[White "Horan, Thomas"]
[Black "Piacentini, Claudio"]
[Result "0-1"]
[WhiteElo "1766"]
[BlackElo "2175"]
[PlyCount "56"]
[EventDate "2001.10.15"]
[EventType "team"]
[EventRounds "9"]
[EventCountry "BEL"]
[SourceTitle "EXT 2007"]
[Source "ChessBase"]
[SourceDate "2006.11.23"]
[SourceVersion "1"]
[SourceVersionDate "2006.11.23"]
[SourceQuality "1"]

1. d4 Nf6 2. Nf3 g6 3. Nc3 Bg7 4. e4 d6 5. Be3 0-0 6. Qd2 Ng4 7. Bg5 h6 8. Bh4 Nd7 9. h3 Ngf6 10. 0-0-0 c5 11. e5 cxd4 12. Qxd4 dxe5 13. Nxe5 Nh5 14. g4 Bxe5 15. Qxe5 Nxe5 16. Rxd8 Rxd8 17. gxh5 g5 18. Bg3 Nc6 19. Bg2 Be6 20. h4 g4 21. Bf4 Kg7 22. f3 Rac8 23. fxg4 Bxg4 24. Rg1 Bf5 25. Nd5 e5 26. Bd2 Nd4 27. Bc3 Ne2+ 28. Kb1 Rxc3 0-1